[Event "181st Stay Safe Play From Home series"]
[Site "T#646401Emanuel Laske"]
[Date "2020.05.28"]
[Round "8"]
[White "Majstor-resa"]
[Black "Trotsky"]
[Result "1-0"]
[WhiteElo "1642"]
[BlackElo "1566"]
[Annotator "NA"]
[PlyCount "83"]
[EventDate "2020.05.28"]
[EventType "swiss (blitz)"]

1. d4 {[%emt 0:00:01]} d5 {[%emt 0:00:01]} 2. Nf3 {[%emt 0:00:01]} e6 {[%emt 0:00:00]} 3. Nc3 {[%emt 0:00:01]} c5 {[%emt 0:00:00]} 4. Bg5 {[%emt 0:00:01]} f6 {[%emt 0:00:01]} 5. Bh4 {[%emt 0:00:01]} Nc6 {[%emt 0:00:01]} 6. e3 {[%emt 0:00:01]} a6 {[%emt 0:00:00]} 7. Qd2 {[%emt 0:00:02]} g5 {[%emt 0:00:01]} 8. Bg3 {[%emt 0:00:01]} h5 {[%emt 0:00:02]} 9. h4 {[%emt 0:00:01]} Bd6 {[%emt 0:00:02]} 10. Bxd6 {[%emt 0:00:04]} Qxd6 {[%emt 0:00:01]} 11. hxg5 {[%emt 0:00:01]} fxg5 {[%emt 0:00:01]} 12. Nxg5 {[%emt 0:00:01]} Nh6 {[%emt 0:00:05]} 13. O-O-O {[%emt 0:00:02]} Bd7 {[%emt 0:00:01]} 14. dxc5 {[%emt 0:00:01]} Qc7 {[%emt 0:00:02]} 15. e4 {[%emt 0:00:02]} O-O-O {[%emt 0:00:01]} 16. exd5 {[%emt 0:00:01]} exd5 {[%emt 0:00:01]} 17. Nxd5 {[%emt 0:00:01]} Qe5 {[%emt 0:00:04]} 18. Nb6+ {[%emt 0:00:03]} Kb8 {[%emt 0:00:01]} 19. Nxd7+ {[%emt 0:00:02]} Ka8 {[%emt 0:00:03]} 20. Nxe5 {[%emt 0:00:02]} Rxd2 {[%emt 0:00:02]} 21. Rxd2 {[%emt 0:00:01]} Nxe5 {[%emt 0:00:01]} 22. Bd3 {[%emt 0:00:04]} Nhg4 {[%emt 0:00:02]} 23. f3 {[%emt 0:00:03]} Nxd3+ {[%emt 0:00:03]} 24. Rxd3 {[%emt 0:00:05]} Ne5 {[%emt 0:00:01]} 25. Rc3 {[%emt 0:00:02]} Rc8 {[%emt 0:00:02]} 26. Ne4 {[%emt 0:00:01]} Ka7 {[%emt 0:00:01]} 27. Rxh5 {[%emt 0:00:01]} Nc6 {[%emt 0:00:02]} 28. Rh6 {[%emt 0:00:01]} a5 {[%emt 0:00:02]} 29. Nd6 {[%emt 0:00:01]} Ka6 {[%emt 0:00:01]} 30. Nxc8 {[%emt 0:00:02]} Kb5 {[%emt 0:00:01]} 31. Rxc6 {[%emt 0:00:01]} bxc6 {[%emt 0:00:01]} 32. Nd6+ {[%emt 0:00:00]} Ka6 {[%emt 0:00:02]} 33. a3 {[%emt 0:00:01]} a4 {[%emt 0:00:01]} 34. Rc4 {[%emt 0:00:01]} Ka7 {[%emt 0:00:02]} 35. Rxa4+ {[%emt 0:00:01]} Kb8 {[%emt 0:00:01]} 36. Rb4+ {[%emt 0:00:00]} Kc7 {[%emt 0:00:01]} 37. Rb6 {[%emt 0:00:00]} Kd7 {[%emt 0:00:02]} 38. Rb7+ {[%emt 0:00:01]} Ke6 {[%emt 0:00:01]} 39. c4 {[%emt 0:00:02]} Ke5 {[%emt 0:00:01]} 40. Rc7 {[%emt 0:00:01]} Kd4 {[%emt 0:00:01]} 41. Rxc6 {[%emt 0:00:00]} Ke3 {[%emt 0:00:02]} 42. b4 {[%emt 0:00:01] . Âðåìÿ (Lag: Av=0.36s, max=3.9s)} 1-0

[Event "181st Stay Safe Play From Home series"]
[Site "T#646401Emanuel Laske"]
[Date "2020.05.28"]
[Round "8"]
[White "Tobo Rubirosa"]
[Black "VotaryRoma"]
[Result "0-1"]
[WhiteElo "1488"]
[BlackElo "1946"]
[Annotator "NA"]
[PlyCount "48"]
[EventDate "2020.05.28"]
[EventType "swiss (blitz)"]

1. Nf3 {[%emt 0:00:03]} Nf6 {[%emt 0:00:01]} 2. d4 {[%emt 0:00:01]} g6 {[%emt 0:00:00]} 3. c4 {[%emt 0:00:01]} Bg7 {[%emt 0:00:00]} 4. Nc3 {[%emt 0:00:01]} O-O {[%emt 0:00:00]} 5. e4 {[%emt 0:00:01]} d6 {[%emt 0:00:00]} 6. Be3 {[%emt 0:00:05]} Nbd7 {[%emt 0:00:00]} 7. Qd2 {[%emt 0:00:01]} c5 {[%emt 0:00:00]} 8. Bh6 {[%emt 0:00:02]} cxd4 {[%emt 0:00:01]} 9. Bxg7 {[%emt 0:00:02]} dxc3 {[%emt 0:00:01]} 10. Qh6 {[%emt 0:00:03]} Ng4 {[%emt 0:00:04]} 11. Qg5 {[%emt 0:00:02]} Kxg7 {[%emt 0:00:01]} 12. Qxg4 {[%emt 0:00:01]} Ne5 {[%emt 0:00:00]} 13. Qg3 {[%emt 0:00:01]} cxb2 {[%emt 0:00:02]} 14. Rb1 {[%emt 0:00:01]} Qa5+ {[%emt 0:00:01]} 15. Nd2 {[%emt 0:00:02]} Qxa2 {[%emt 0:00:03]} 16. Be2 {[%emt 0:00:03]} Be6 {[%emt 0:00:02]} 17. O-O {[%emt 0:00:01]} Nxc4 {[%emt 0:00:02]} 18. Qc3+ {[%emt 0:00:02]} Ne5 {[%emt 0:00:03]} 19. Rxb2 {[%emt 0:00:02]} Qa4 {[%emt 0:00:01]} 20. f4 {[%emt 0:00:01]} Qc6 {[%emt 0:00:01]} 21. fxe5 {[%emt 0:00:04]} Qxc3 {[%emt 0:00:01]} 22. exd6 {[%emt 0:00:03]} Qxb2 {[%emt 0:00:01]} 23. dxe7 {[%emt 0:00:02]} Qxd2 {[%emt 0:00:01]} 24. Bf3 {[%emt 0:00:02]} Qd4+ {[%emt 0:00:02]} 0-1

[Event "181st Stay Safe Play From Home series"]
[Site "T#646401Emanuel Laske"]
[Date "2020.05.28"]
[Round "9"]
[White "Broken sword"]
[Black "Little champs"]
[Result "1-0"]
[WhiteElo "2504"]
[BlackElo "2196"]
[PlyCount "133"]
[EventDate "2020.05.28"]
[EventType "swiss (blitz)"]

1. d4 {[%emt 0:00:03]} c5 {[%emt 0:00:00]} 2. c3 {[%emt 0:00:01]} cxd4 {[%emt 0:00:01]} 3. cxd4 {[%emt 0:00:00]} d6 {[%emt 0:00:00]} 4. Nf3 {[%emt 0:00:00]} Nf6 {[%emt 0:00:00]} 5. Nc3 {[%emt 0:00:00]} g6 {[%emt 0:00:00]} 6. Bg5 {[%emt 0:00:00]} Bg7 {[%emt 0:00:00]} 7. e3 {[%emt 0:00:01]} O-O {[%emt 0:00:01]} 8. Bd3 {[%emt 0:00:00]} Nc6 {[%emt 0:00:00]} 9. O-O {[%emt 0:00:00]} Bg4 {[%emt 0:00:00]} 10. h3 {[%emt 0:00:00]} Bxf3 {[%emt 0:00:01]} 11. Qxf3 {[%emt 0:00:00]} e5 {[%emt 0:00:00]} 12. d5 {[%emt 0:00:00]} Nb8 {[%emt 0:00:02]} 13. e4 {[%emt 0:00:01]} h6 {[%emt 0:00:01]} 14. Bh4 {[%emt 0:00:01]} g5 {[%emt 0:00:00]} 15. Bg3 {[%emt 0:00:00]} Nh7 {[%emt 0:00:01]} 16. Rac1 {[%emt 0:00:01]} a6 {[%emt 0:00:01]} 17. Na4 {[%emt 0:00:01]} Nd7 {[%emt 0:00:01]} 18. b3 {[%emt 0:00:01]} b5 {[%emt 0:00:00]} 19. Nc3 {[%emt 0:00:02]} Rc8 {[%emt 0:00:01]} 20. Ne2 {[%emt 0:00:00]} Nc5 {[%emt 0:00:01]} 21. Qe3 {[%emt 0:00:01]} Qd7 {[%emt 0:00:03]} 22. Bh2 {[%emt 0:00:01]} Nxd3 {[%emt 0:00:01]} 23. Qxd3 {[%emt 0:00:00]} f5 {[%emt 0:00:00]} 24. Ng3 {[%emt 0:00:01]} f4 {[%emt 0:00:01]} 25. Nf5 {[%emt 0:00:01]} Rce8 {[%emt 0:00:01]} 26. f3 {[%emt 0:00:02]} Rxf5 {[%emt 0:00:01]} 27. exf5 {[%emt 0:00:01]} Nf6 {[%emt 0:00:00]} 28. Rfe1 {[%emt 0:00:02]} h5 {[%emt 0:00:01]} 29. Qc2 {[%emt 0:00:02]} g4 {[%emt 0:00:01]} 30. hxg4 {[%emt 0:00:01]} hxg4 {[%emt 0:00:00]} 31. fxg4 {[%emt 0:00:01]} Nxg4 {[%emt 0:00:01]} 32. Kf1 {[%emt 0:00:02]} Rf8 {[%emt 0:00:01]} 33. Bg1 {[%emt 0:00:01]} Rxf5 {[%emt 0:00:02]} 34. Qc8+ {[%emt 0:00:02]} Qxc8 {[%emt 0:00:01]} 35. Rxc8+ {[%emt 0:00:00]} Kh7 {[%emt 0:00:00]} 36. Rc6 {[%emt 0:00:00]} f3 {[%emt 0:00:01]} 37. gxf3 {[%emt 0:00:01]} Rxf3+ {[%emt 0:00:00]} 38. Kg2 {[%emt 0:00:00]} Rd3 {[%emt 0:00:03]} 39. Rxd6 {[%emt 0:00:00]} Rd2+ {[%emt 0:00:01]} 40. Kf3 {[%emt 0:00:00]} Nf6 {[%emt 0:00:00]} 41. Rxf6 {[%emt 0:00:03]} Bxf6 {[%emt 0:00:01]} 42. Ke4 {[%emt 0:00:00]} Kg6 {[%emt 0:00:01]} 43. a4 {[%emt 0:00:01]} bxa4 {[%emt 0:00:01]} 44. bxa4 {[%emt 0:00:00]} Kf7 {[%emt 0:00:00]} 45. Bc5 {[%emt 0:00:01]} Ke8 {[%emt 0:00:01]} 46. Kf5 {[%emt 0:00:01]} Bg7 {[%emt 0:00:02]} 47. Ke6 {[%emt 0:00:01]} Rc2 {[%emt 0:00:02]} 48. Bb4 {[%emt 0:00:01]} Rc4 {[%emt 0:00:02]} 49. Bd6 {[%emt 0:00:01]} e4 {[%emt 0:00:01]} 50. Rg1 {[%emt 0:00:02]} e3 {[%emt 0:00:09]} 51. Rxg7 {[%emt 0:00:02]} Re4+ {[%emt 0:00:00]} 52. Be5 {[%emt 0:00:00]} Kf8 {[%emt 0:00:00]} 53. Rg1 {[%emt 0:00:01]} e2 {[%emt 0:00:01]} 54. Re1 {[%emt 0:00:00]} Ke8 {[%emt 0:00:00]} 55. Kf5 {[%emt 0:00:00]} Re3 {[%emt 0:00:01]} 56. Kf4 {[%emt 0:00:00]} Ra3 {[%emt 0:00:00]} 57. Rxe2 {[%emt 0:00:01]} Rxa4+ {[%emt 0:00:00]} 58. Re4 {[%emt 0:00:00]} Kd7 {[%emt 0:00:00]} 59. Rxa4 {[%emt 0:00:01]} a5 {[%emt 0:00:01]} 60. Rxa5 {[%emt 0:00:00]} Kc8 {[%emt 0:00:00]} 61. Rc5+ {[%emt 0:00:01]} Kb7 {[%emt 0:00:00]} 62. Rc7+ {[%emt 0:00:00]} Kb6 {[%emt 0:00:00]} 63. d6 {[%emt 0:00:00]} Kb5 {[%emt 0:00:00]} 64. d7 {[%emt 0:00:00]} Kb6 {[%emt 0:00:00]} 65. d8=Q {[%emt 0:00:00]} Kb5 {[%emt 0:00:00]} 66. Qb8+ {[%emt 0:00:00]} Ka4 {[%emt 0:00:01]} 67. Ra7# {[%emt 0:00:00] (Lag: Av=0.70s, max=4.1s)} 1-0

[Event "181st Stay Safe Play From Home series"]
[Site "T#646401Emanuel Laske"]
[Date "2020.05.28"]
[Round "9"]
[White "Lamborghini"]
[Black "Trotsky"]
[Result "1-0"]
[WhiteElo "2182"]
[BlackElo "1553"]
[PlyCount "57"]
[EventDate "2020.05.28"]
[EventType "swiss (blitz)"]

1. e4 {[%emt 0:00:02]} c5 {[%emt 0:00:01]} 2. Nf3 {[%emt 0:00:01]} e6 {[%emt 0:00:01]} 3. d4 {[%emt 0:00:01]} cxd4 {[%emt 0:00:02]} 4. Nxd4 {[%emt 0:00:00]} d6 {[%emt 0:00:00]} 5. Nc3 {[%emt 0:00:01]} Nc6 {[%emt 0:00:01]} 6. Be3 {[%emt 0:00:01]} a6 {[%emt 0:00:01]} 7. Qd2 {[%emt 0:00:01]} Nf6 {[%emt 0:00:01]} 8. f3 {[%emt 0:00:01]} Qc7 {[%emt 0:00:00]} 9. g4 {[%emt 0:00:01]} Nxd4 {[%emt 0:00:01]} 10. Bxd4 {[%emt 0:00:01]} e5 {[%emt 0:00:01]} 11. Be3 {[%emt 0:00:01]} b6 {[%emt 0:00:00]} 12. g5 {[%emt 0:00:01]} Nh5 {[%emt 0:00:03]} 13. Nd5 {[%emt 0:00:01]} Qd8 {[%emt 0:00:02]} 14. Bxb6 {[%emt 0:00:02]} Qd7 {[%emt 0:00:01]} 15. Nc7+ {[%emt 0:00:01]} Ke7 {[%emt 0:00:04]} 16. Nxa8 {[%emt 0:00:00]} Bb7 {[%emt 0:00:01]} 17. Nc7 {[%emt 0:00:02]} g6 {[%emt 0:00:06]} 18. O-O-O {[%emt 0:00:02]} Bg7 {[%emt 0:00:01]} 19. Nd5+ {[%emt 0:00:01]} Kf8 {[%emt 0:00:02]} 20. Bc4 {[%emt 0:00:03]} Nf4 {[%emt 0:00:02]} 21. Nxf4 {[%emt 0:00:01]} exf4 {[%emt 0:00:01]} 22. Bb3 {[%emt 0:00:02]} Be5 {[%emt 0:00:01]} 23. Bd4 {[%emt 0:00:01]} Kg7 {[%emt 0:00:01]} 24. Bxe5+ {[%emt 0:00:01]} f6 {[%emt 0:00:02]} 25. Bxf6+ {[%emt 0:00:01]} Kf8 {[%emt 0:00:04]} 26. Qxf4 {[%emt 0:00:00]} Qc6 {[%emt 0:00:07]} 27. Rxd6 {[%emt 0:00:01]} Qe8 {[%emt 0:00:05]} 28. Be7+ {[%emt 0:00:02]} Kg7 {[%emt 0:00:03]} 29. Qf6# {[%emt 0:00:00] (Lag: Av=0.25s, max=0.3s)} 1-0

[Event "181st Stay Safe Play From Home series"]
[Site "T#646401Emanuel Laske"]
[Date "2020.05.28"]
[Round "9"]
[White "SoulofWolf"]
[Black "Praveen Prasad"]
[Result "1-0"]
[WhiteElo "2127"]
[BlackElo "2196"]
[PlyCount "99"]
[EventDate "2020.05.28"]
[EventType "swiss (blitz)"]

1. d4 {[%emt 0:00:00]} c5 {[%emt 0:00:02]} 2. Nf3 {[%emt 0:00:00]} cxd4 {[%emt 0:00:00]} 3. Nxd4 {[%emt 0:00:00]} d6 {[%emt 0:00:00]} 4. c4 {[%emt 0:00:00]} Nf6 {[%emt 0:00:00]} 5. Bg5 {[%emt 0:00:01]} e6 {[%emt 0:00:00]} 6. e3 {[%emt 0:00:00]} Be7 {[%emt 0:00:00]} 7. Be2 {[%emt 0:00:00]} h6 {[%emt 0:00:00]} 8. Bh4 {[%emt 0:00:01]} Nc6 {[%emt 0:00:01]} 9. O-O {[%emt 0:00:00]} O-O {[%emt 0:00:01]} 10. Nc2 {[%emt 0:00:01]} a6 {[%emt 0:00:00]} 11. b3 {[%emt 0:00:00]} Bd7 {[%emt 0:00:00]} 12. Nd2 {[%emt 0:00:00]} Ne8 {[%emt 0:00:01]} 13. Rc1 {[%emt 0:00:00]} Bxh4 {[%emt 0:00:01]} 14. g3 {[%emt 0:00:00]} Bf6 {[%emt 0:00:00]} 15. f4 {[%emt 0:00:00]} d5 {[%emt 0:00:01]} 16. Bf3 {[%emt 0:00:02]} dxc4 {[%emt 0:00:01]} 17. Nxc4 {[%emt 0:00:00]} Na5 {[%emt 0:00:04]} 18. N4a3 {[%emt 0:00:06]} Bc6 {[%emt 0:00:02]} 19. e4 {[%emt 0:00:02]} Be7 {[%emt 0:00:02]} 20. Qe2 {[%emt 0:00:02]} Bxa3 {[%emt 0:00:02]} 21. Nxa3 {[%emt 0:00:00]} Qb6+ {[%emt 0:00:01]} 22. Kg2 {[%emt 0:00:01]} Nf6 {[%emt 0:00:02]} 23. g4 {[%emt 0:00:04]} Rfd8 {[%emt 0:00:02]} 24. g5 {[%emt 0:00:01]} Qb4 {[%emt 0:00:04]} 25. Nc2 {[%emt 0:00:04]} Qd2 {[%emt 0:00:05]} 26. gxf6 {[%emt 0:00:02]} Qxe2+ {[%emt 0:00:02]} 27. Bxe2 {[%emt 0:00:00]} Bxe4+ {[%emt 0:00:01]} 28. Bf3 {[%emt 0:00:01]} Rd2+ {[%emt 0:00:01]} 29. Kg3 {[%emt 0:00:01]} Bxc2 {[%emt 0:00:03]} 30. fxg7 {[%emt 0:00:05]} Kxg7 {[%emt 0:00:00]} 31. Rg1 {[%emt 0:00:01]} Bg6 {[%emt 0:00:03]} 32. b4 {[%emt 0:00:01]} Nc6 {[%emt 0:00:01]} 33. h4 {[%emt 0:00:04]} Kf6 {[%emt 0:00:02]} 34. Bg4 {[%emt 0:00:02]} Bf5 {[%emt 0:00:01]} 35. Bf3 {[%emt 0:00:01]} Rad8 {[%emt 0:00:02]} 36. h5 {[%emt 0:00:03]} R8d3 {[%emt 0:00:01]} 37. Rgf1 {[%emt 0:00:01]} Nd4 {[%emt 0:00:01]} 38. Rce1 {[%emt 0:00:03]} Ra3 {[%emt 0:00:03]} 39. Rf2 {[%emt 0:00:02]} Rdd3 {[%emt 0:00:01]} 40. Rg2 {[%emt 0:00:00]} Rxf3+ {[%emt 0:00:02]} 41. Kh2 {[%emt 0:00:00]} Rh3+ {[%emt 0:00:01]} 42. Kg1 {[%emt 0:00:00]} Nf3+ {[%emt 0:00:01]} 43. Kf2 {[%emt 0:00:01]} Rxa2+ {[%emt 0:00:02]} 44. Kf1 {[%emt 0:00:03]} Rxg2 {[%emt 0:00:01]} 45. Kxg2 {[%emt 0:00:00]} Nxe1+ {[%emt 0:00:01]} 46. Kf2 {[%emt 0:00:00]} Nd3+ {[%emt 0:00:00]} 47. Ke2 {[%emt 0:00:01]} Nxb4 {[%emt 0:00:00]} 48. Kf2 {[%emt 0:00:00]} Nd5 {[%emt 0:00:00]} 49. Kg2 {[%emt 0:00:00]} Nxf4+ {[%emt 0:00:00]} 50. Kf2 {[%emt 0:00:00] Time (Lag: Av=0.77s, max=1.3s)} 1-0

[Event "181st Stay Safe Play From Home series"]
[Site "T#646401Emanuel Laske"]
[Date "2020.05.28"]
[Round "9"]
[White "Lazieri3"]
[Black "VotaryRoma"]
[Result "0-1"]
[WhiteElo "2042"]
[BlackElo "1952"]
[Annotator "NA"]
[PlyCount "66"]
[EventDate "2020.05.28"]
[EventType "swiss (blitz)"]

1. e4 {[%emt 0:00:01]} c5 {[%emt 0:00:01]} 2. Nc3 {[%emt 0:00:00]} e6 {[%emt 0:00:00]} 3. d3 {[%emt 0:00:00]} d5 {[%emt 0:00:00]} 4. Nf3 {[%emt 0:00:00]} d4 {[%emt 0:00:00]} 5. Ne2 {[%emt 0:00:01]} Nc6 {[%emt 0:00:00]} 6. g3 {[%emt 0:00:01]} e5 {[%emt 0:00:00]} 7. Bg2 {[%emt 0:00:01]} f6 {[%emt 0:00:00]} 8. O-O {[%emt 0:00:01]} Be6 {[%emt 0:00:00]} 9. h3 {[%emt 0:00:00]} Bd6 {[%emt 0:00:00]} 10. Kh2 {[%emt 0:00:00]} Nge7 {[%emt 0:00:00]} 11. Nfg1 {[%emt 0:00:01]} Qd7 {[%emt 0:00:00]} 12. f4 {[%emt 0:00:01]} O-O-O {[%emt 0:00:00]} 13. fxe5 {[%emt 0:00:02]} fxe5 {[%emt 0:00:00]} 14. Nf3 {[%emt 0:00:01]} Ng6 {[%emt 0:00:00]} 15. Ng5 {[%emt 0:00:01]} Rdf8 {[%emt 0:00:01]} 16. Nxe6 {[%emt 0:00:01]} Qxe6 {[%emt 0:00:00]} 17. Ng1 {[%emt 0:00:02]} Kb8 {[%emt 0:00:01]} 18. Bd2 {[%emt 0:00:01]} h5 {[%emt 0:00:02]} 19. Qe2 {[%emt 0:00:02]} h4 {[%emt 0:00:01]} 20. Rxf8+ {[%emt 0:00:02]} Rxf8 {[%emt 0:00:01]} 21. gxh4 {[%emt 0:00:02]} Nf4 {[%emt 0:00:01]} 22. Rf1 {[%emt 0:00:00]} Nxe2 {[%emt 0:00:02]} 23. Rxf8+ {[%emt 0:00:00]} Bxf8 {[%emt 0:00:00]} 24. Nxe2 {[%emt 0:00:00]} Qg6 {[%emt 0:00:01]} 25. Ng3 {[%emt 0:00:02]} Qf7 {[%emt 0:00:00]} 26. Kg1 {[%emt 0:00:01]} Qxa2 {[%emt 0:00:00]} 27. Nf5 {[%emt 0:00:01]} Qb1+ {[%emt 0:00:01]} 28. Kf2 {[%emt 0:00:01]} Qxb2 {[%emt 0:00:00]} 29. Ke2 {[%emt 0:00:00]} Qxc2 {[%emt 0:00:01]} 30. h5 {[%emt 0:00:01]} c4 {[%emt 0:00:00]} 31. dxc4 {[%emt 0:00:02]} Bb4 {[%emt 0:00:00]} 32. Kf3 {[%emt 0:00:02]} Qxd2 {[%emt 0:00:01]} 33. Kg4 {[%emt 0:00:00]} Qf4# {[%emt 0:00:01] (Lag: Av=0.54s, max=0.7s)} 0-1

[Event "181st Stay Safe Play From Home series"]
[Site "T#646401Emanuel Laske"]
[Date "2020.05.28"]
[Round "9"]
[White "Weltszmerc"]
[Black "Majstor-resa"]
[Result "1-0"]
[WhiteElo "2007"]
[BlackElo "1655"]
[Annotator "NA"]
[PlyCount "73"]
[EventDate "2020.05.28"]
[EventType "swiss (blitz)"]

1. d4 {[%emt 0:00:01]} d5 {[%emt 0:00:01]} 2. c4 {[%emt 0:00:00]} Nf6 {[%emt 0:00:00]} 3. Nf3 {[%emt 0:00:00]} Nc6 {[%emt 0:00:01]} 4. g3 {[%emt 0:00:00]} Bg4 {[%emt 0:00:01]} 5. Bg2 {[%emt 0:00:00]} Qd7 {[%emt 0:00:01]} 6. e3 {[%emt 0:00:01]} O-O-O {[%emt 0:00:02]} 7. cxd5 {[%emt 0:00:01]} Qxd5 {[%emt 0:00:01]} 8. Nc3 {[%emt 0:00:01]} Qa5 {[%emt 0:00:01]} 9. Bd2 {[%emt 0:00:01]} e6 {[%emt 0:00:01]} 10. h3 {[%emt 0:00:01]} Bh5 {[%emt 0:00:01]} 11. g4 {[%emt 0:00:01]} Bg6 {[%emt 0:00:01]} 12. a3 {[%emt 0:00:01]} a6 {[%emt 0:00:06]} 13. b4 {[%emt 0:00:01]} Qb6 {[%emt 0:00:01]} 14. Na4 {[%emt 0:00:02]} Qa7 {[%emt 0:00:01]} 15. Nc5 {[%emt 0:00:01]} Bxc5 {[%emt 0:00:02]} 16. bxc5 {[%emt 0:00:01]} Ne4 {[%emt 0:00:02]} 17. Qb3 {[%emt 0:00:02]} Nxd2 {[%emt 0:00:02]} 18. Nxd2 {[%emt 0:00:00]} h5 {[%emt 0:00:02]} 19. g5 {[%emt 0:00:01]} Bf5 {[%emt 0:00:02]} 20. e4 {[%emt 0:00:01]} Bg6 {[%emt 0:00:01]} 21. Rb1 {[%emt 0:00:03]} Nxd4 {[%emt 0:00:02]} 22. Qc4 {[%emt 0:00:01]} e5 {[%emt 0:00:02]} 23. O-O {[%emt 0:00:01]} f6 {[%emt 0:00:04]} 24. Nb3 {[%emt 0:00:03]} fxg5 {[%emt 0:00:02]} 25. Nxd4 {[%emt 0:00:03]} Rxd4 {[%emt 0:00:02]} 26. Qe6+ {[%emt 0:00:00]} Kb8 {[%emt 0:00:01]} 27. Qxg6 {[%emt 0:00:00]} Qxc5 {[%emt 0:00:04]} 28. Qxg7 {[%emt 0:00:00]} Re8 {[%emt 0:00:02]} 29. Rfc1 {[%emt 0:00:01]} Qd6 {[%emt 0:00:02]} 30. Qxg5 {[%emt 0:00:02]} Rd2 {[%emt 0:00:02]} 31. Qe3 {[%emt 0:00:03]} Rf8 {[%emt 0:00:01]} 32. Rf1 {[%emt 0:00:02]} Rd3 {[%emt 0:00:02]} 33. Qe2 {[%emt 0:00:02]} Rd4 {[%emt 0:00:01]} 34. Qb2 {[%emt 0:00:02]} b6 {[%emt 0:00:02]} 35. Qc3 {[%emt 0:00:01]} Rg8 {[%emt 0:00:01]} 36. Kh1 {[%emt 0:00:06]} Qg6 {[%emt 0:00:01]} 37. Qf3 {[%emt 0:00:01] Zeit (Lag: Av=0.46s, max=0.5s)} 1-0

[Event "181st Stay Safe Play From Home series"]
[Site "T#646401Emanuel Laske"]
[Date "2020.05.28"]
[Round "9"]
[White "Tunca"]
[Black "Tobo Rubirosa"]
[Result "1-0"]
[WhiteElo "1843"]
[BlackElo "1486"]
[Annotator "NA"]
[PlyCount "71"]
[EventDate "2020.05.28"]
[EventType "swiss (blitz)"]

1. e4 {[%emt 0:00:01]} c5 {[%emt 0:00:02]} 2. Nf3 {[%emt 0:00:01]} d6 {[%emt 0:00:01]} 3. d4 {[%emt 0:00:00]} cxd4 {[%emt 0:00:01]} 4. Nxd4 {[%emt 0:00:00]} Nf6 {[%emt 0:00:01]} 5. Nc3 {[%emt 0:00:00]} a6 {[%emt 0:00:01]} 6. Be2 {[%emt 0:00:01]} e5 {[%emt 0:00:02]} 7. Nb3 {[%emt 0:00:02]} Be7 {[%emt 0:00:01]} 8. Be3 {[%emt 0:00:00]} Be6 {[%emt 0:00:01]} 9. Qd2 {[%emt 0:00:00]} Nbd7 {[%emt 0:00:01]} 10. Rd1 {[%emt 0:00:00]} Rc8 {[%emt 0:00:01]} 11. O-O {[%emt 0:00:01]} Qc7 {[%emt 0:00:01]} 12. f3 {[%emt 0:00:01]} b5 {[%emt 0:00:01]} 13. Rc1 {[%emt 0:00:04]} Nb6 {[%emt 0:00:03]} 14. Qe1 {[%emt 0:00:01]} Nc4 {[%emt 0:00:01]} 15. Bxc4 {[%emt 0:00:01]} Qxc4 {[%emt 0:00:02]} 16. Qf2 {[%emt 0:00:04]} O-O {[%emt 0:00:03]} 17. Na5 {[%emt 0:00:03]} Qc7 {[%emt 0:00:03]} 18. Bb6 {[%emt 0:00:02]} Qb8 {[%emt 0:00:03]} 19. Be3 {[%emt 0:00:05]} Rxc3 {[%emt 0:00:02]} 20. bxc3 {[%emt 0:00:01]} d5 {[%emt 0:00:00]} 21. exd5 {[%emt 0:00:02]} Nxd5 {[%emt 0:00:01]} 22. Bc5 {[%emt 0:00:00]} Qc7 {[%emt 0:00:03]} 23. Bxe7 {[%emt 0:00:01]} Qxe7 {[%emt 0:00:01]} 24. Nc6 {[%emt 0:00:01]} Qc7 {[%emt 0:00:02]} 25. Nb4 {[%emt 0:00:03]} Nxc3 {[%emt 0:00:01]} 26. Nxa6 {[%emt 0:00:02]} Qa5 {[%emt 0:00:03]} 27. Nc5 {[%emt 0:00:02]} Bc4 {[%emt 0:00:03]} 28. Rfe1 {[%emt 0:00:02]} Rc8 {[%emt 0:00:01]} 29. Rxe5 {[%emt 0:00:03]} g6 {[%emt 0:00:03]} 30. Qe1 {[%emt 0:00:04]} Qxa2 {[%emt 0:00:02]} 31. Qxc3 {[%emt 0:00:02]} Qa3 {[%emt 0:00:04]} 32. Qxa3 {[%emt 0:00:02]} Bb3 {[%emt 0:00:02]} 33. Qxb3 {[%emt 0:00:02]} Rxc5 {[%emt 0:00:00]} 34. Rxc5 {[%emt 0:00:01]} Kg7 {[%emt 0:00:00]} 35. Qc3+ {[%emt 0:00:01]} Kh6 {[%emt 0:00:00]} 36. Rd1 {[%emt 0:00:00] Tiempo (Lag: Av=1.04s, max=1.5s)} 1-0